McLuhan for beginners / (Record no. 73239)

MARC details
000 -LEADER
campo de control de longitud fija 01544cam a2200301 4500
003 - IDENTIFICADOR DE NÚMERO DE CONTROL
campo de control BJBSDDR
005 - FECHA Y HORA DE LA ÚLTIMA TRANSACCIÓN
campo de control 20230410124218.0
007 - CAMPO FIJO DE DESCRIPCIÓN FÍSICA--INFORMACIÓN GENERAL
campo de control de longitud fija ta
008 - DATOS DE LONGITUD FIJA--INFORMACIÓN GENERAL
campo de control de longitud fija 060907s1997 nyu eng
020 ## - NÚMERO INTERNACIONAL ESTÁNDAR DEL LIBRO
Número Internacional Estándar del Libro 0863162312
020 ## - NÚMERO INTERNACIONAL ESTÁNDAR DEL LIBRO
Número Internacional Estándar del Libro 9780863162312
040 ## - FUENTE DE CATALOGACIÓN
Lengua de catalogación spa
Centro/agencia transcriptor BJBSDDR
041 ## - CÓDIGO DE IDIOMA
Código de lengua del texto/banda sonora o título independiente eng
050 14 - SIGNATURA TOPOGRÁFICA DE LA BIBLIOTECA DEL CONGRESO
Número de clasificación P 92.5
Número de ítem G665m 1997
100 1# - ENTRADA PRINCIPAL--NOMBRE DE PERSONA
Nombre de persona Gordon, W. Terrence,
Fechas asociadas al nombre 1942-
245 10 - MENCIÓN DEL TÍTULO
Título McLuhan for beginners /
Mención de responsabilidad, etc. written by W. Terrence Gordon ; illustrated by Susan Willmarth.
260 ## - PUBLICACIÓN, DISTRIBUCIÓN, ETC.
Lugar de publicación, distribución, etc. New York :
Nombre del editor, distribuidor, etc. Writers and Readers Documentary Comic Book,
Fecha de publicación, distribución, etc. 1997
300 ## - DESCRIPCIÓN FÍSICA
Extensión vii, 152 p. :
Otras características físicas ill. ;
Dimensiones 23 cm.
440 #0 - MENCIÓN DE SERIE/PUNTO DE ACCESO ADICIONAL--TÍTULO
Título Writers & readers beginners series ;
Designación de volumen o secuencia 82.
520 ## - RESUMEN, ETC.
Sumario, etc. Marshall McWho?, 1. -- What is so special about Marshall McLuhan?, 2. -- McLuhan's point of view, 11. -- Stepping into McLuhan's bio, 15. -- The mechanical bride, 25. -- Explorations & idea consultants, 26. -- Exploring the Gutenberg galaxy, 28. -- Understanding media, 34. -- Culture is our business = Business is our culture, 101. -- The global village, 103. -- From Cliche to archetype, 107. -- The mechanical bride : Comic strips, 114. -- Kroker's panic encyclopedia, 118. -- Closure : The laws of media, 122. -- Wrapping it up, 133
600 14 - PUNTO DE ACCESO ADICIONAL DE MATERIA--NOMBRE DE PERSONA
Nombre de persona McLuhan, Marshall,
Fechas asociadas al nombre 1911-1980
650 #0 - PUNTO DE ACCESO ADICIONAL DE MATERIA--TÉRMINO DE MATERIA
Término de materia o nombre geográfico como elemento de entrada Mass media specialists
Subdivisión geográfica Canada
Subdivisión de forma Biography.
650 #4 - PUNTO DE ACCESO ADICIONAL DE MATERIA--TÉRMINO DE MATERIA
Término de materia o nombre geográfico como elemento de entrada Especialistas en medios de comunicación de masas
9 (RLIN) 22552
650 #0 - PUNTO DE ACCESO ADICIONAL DE MATERIA--TÉRMINO DE MATERIA
Término de materia o nombre geográfico como elemento de entrada Mass media.
650 #4 - PUNTO DE ACCESO ADICIONAL DE MATERIA--TÉRMINO DE MATERIA
Término de materia o nombre geográfico como elemento de entrada Medios de comunicación de masas
9 (RLIN) 1587
700 1# - ENTRADA AGREGADA--NOMBRE PERSONAL
9 (RLIN) 22559
Nombre de persona Willmarth, Susan
Término indicativo de función/relación ilustradora
942 ## - ELEMENTOS DE ENTRADA SECUNDARIOS (KOHA)
Fuente del sistema de clasificación o colocación Clasificación de Library of Congress
Tipo de ítem Koha Libro
Holdings
Estatus retirado Estado de pérdida Estado de daño No para préstamo Colección Biblioteca de origen Biblioteca actual Ubicación en estantería Fecha de adquisición Signatura topográfica completa Código de barras Visto por última vez Copia número Tipo de ítem Koha
        Humanidades Biblioteca Juan Bosch Biblioteca Juan Bosch Humanidades (4to. Piso) 25/10/2018 P 92.5 G665m 1997 00000009802 25/10/2018 1 Libro